[Event "38th WCh U20 Girls"]
[Site "Cala Gonone ITA"]
[Date "2022.10.22"]
[Round "11.19"]
[White "Malikova, Marjona"]
[Black "Djidjeli, Sarah"]
[Result "1-0"]
[WhiteElo "1830"]
[BlackElo "2082"]
[EventDate "2022.10.12"]
[PlyCount "195"]

1.d4 d5 2.c4 e6 3.Nc3 Nf6 4.cxd5 exd5 5.Bg5 c6 6.e3 Bd6 7.Bd3 O-O 8.Qc2 h6
9.Bh4 Re8 10.Nge2 a5 11.a3 Na6 12.Bg3 Nc7 13.O-O Bxg3 14.Nxg3 Ne6 15.b4 b5
16.Na2 Bb7 17.a4 bxa4 18.Qxa4 axb4 19.Qxb4 Ba6 20.Nc1 Rb8 21.Qc3 Bxd3 22.
Nxd3 Qb6 23.Rfc1 Rec8 24.Qc2 Qb3 25.Nf5 Qxc2 26.Rxc2 Kf8 27.h3 Rc7 28.Ne5 
Nd8 29.Ra6 Nd7 30.f4 Nxe5 31.fxe5 h5 32.e4 Rd7 33.exd5 Rxd5 34.Ra4 g6 35.
Nd6 Rb1+ 36.Kh2 Rb8 37.Ne4 Ne6 38.Ra7 Rxd4 39.Nd6 Nd8 40.Nxf7 Nxf7 41.Rf2 
Kg7 42.Rfxf7+ Kh6 43.Rac7 Re8 44.Rh7+ Kg5 45.Rxc6 Rxe5 46.Rg7 Rdd5 47.
Rgxg6+ Kf4 48.Rcf6+ Rf5 49.Ra6 Rd4 50.Ra3 Rc4 51.Rgg3 Ke5 52.Ra5+ Kf6 53.
Ra6+ Ke5 54.Rgg6 Kf4 55.Rae6 Rcc5 56.Rg3 Rce5 57.Rf3+ Kg5 58.Rg3+ Kf4 59.
Ra6 Rc5 60.Ra4+ Ke5 61.Rg6 Rf4 62.Re6+ Kf5 63.Rh6 Kg5 64.Rxh5+ Kxh5 65.
Rxf4 Rc3 66.h4 Rc2 67.Kh3 Rc3+ 68.Rf3 Rc1 69.g4+ Kg6 70.h5+ Kh6 71.Kg3 
Rg1+ 72.Kf4 Ra1 73.Re3 Rf1+ 74.Kg3 Rg1+ 75.Kh4 Rh1+ 76.Kg3 Rg1+ 77.Kf3 
Rf1+ 78.Kg2 Rf4 79.Kg3 Rf1 80.Re6+ Kg7 81.Kh4 Ra1 82.Rb6 Ra4 83.h6+ Kh7 
84.Kh5 Ra1 85.Rb7+ Kh8 86.g5 Ra5 87.Rf7 Kg8 88.Rf6 Kh7 89.Kg4 Ra4+ 90.Rf4 
Ra7 91.Rf5 Kg6 92.Rf6+ Kh7 93.Re6 Ra5 94.Re7+ Kh8 95.g6 Ra8 96.Kg5 Ra5+ 
97.Kf6 Ra6+ 98.Kf7 1-0

[Event "38th WCh U20 Girls"]
[Site "Cala Gonone ITA"]
[Date "2022.10.22"]
[Round "11.20"]
[White "Ruiz Villalba, Andrea"]
[Black "Ishvi, Aggarwal"]
[Result "1-0"]
[WhiteElo "1764"]
[BlackElo "1964"]
[EventDate "2022.10.12"]
[PlyCount "51"]

1.e4 e5 2.Nf3 Nc6 3.Bb5 a6 4.Ba4 Nf6 5.d4 exd4 6.O-O Be7 7.e5 Nd5 8.Nxd4 
O-O 9.Nf5 Nb6 10.Qg4 g6 11.Bxc6 dxc6 12.Nxe7+ Qxe7 13.Qg3 Re8 14.Re1 f6 
15.Nc3 Bf5 16.Re2 fxe5 17.Bg5 Qc5 18.Rae1 Nd7 19.Qh4 h5 20.h3 Kg7 21.g4 
hxg4 22.Qh6+ Kg8 23.hxg4 Be6 24.Qxg6+ Kf8 25.Bh6+ Ke7 26.Qg5+ 1-0

[Event "38th WCh U20 Girls"]
[Site "Cala Gonone ITA"]
[Date "2022.10.22"]
[Round "11.21"]
[White "Norlamo, Sarabella"]
[Black "Daniilidi, Dimitra Lydia"]
[Result "1-0"]
[WhiteElo "1946"]
[BlackElo "1498"]
[EventDate "2022.10.12"]
[PlyCount "65"]

1.c4 f5 2.d4 Nf6 3.g3 g6 4.Bg2 Bg7 5.Nc3 d6 6.Nf3 O-O 7.O-O c6 8.d5 e5 9.
dxe6 Bxe6 10.Qd3 Na6 11.Ng5 Nc5 12.Nxe6 Nxe6 13.Rd1 Ne8 14.b4 f4 15.Rb1 
fxg3 16.hxg3 Qe7 17.Bb2 Rd8 18.Qe3 Qf7 19.Ne4 d5 20.cxd5 cxd5 21.Nc5 Nxc5 
22.bxc5 Bxb2 23.Rxb2 Nf6 24.Qb3 Kh8 25.Qxb7 Rd7 26.Qb4 d4 27.Rxd4 Nh5 28.
Bf3 Re7 29.Qc3 Nf6 30.c6 Kg8 31.Qc4 Re6 32.Rb7 Qe8 33.Rd6 1-0

[Event "38th WCh U20 Girls"]
[Site "Cala Gonone ITA"]
[Date "2022.10.22"]
[Round "11.22"]
[White "Gabbani, Sara"]
[Black "Olde, Grete"]
[Result "1/2-1/2"]
[WhiteElo "1944"]
[BlackElo "1862"]
[EventDate "2022.10.12"]
[PlyCount "72"]

1.e4 e5 2.Nf3 Nc6 3.Bc4 Bc5 4.c3 Nf6 5.d3 d6 6.O-O a6 7.Bb3 Ba7 8.h3 h6 9.
Re1 O-O 10.Nbd2 Ne7 11.Nf1 Ng6 12.Ng3 Re8 13.d4 c6 14.Bc2 Qc7 15.Be3 b5 
16.Qd2 c5 17.Rad1 cxd4 18.cxd4 Bb7 19.d5 Bxe3 20.fxe3 Rac8 21.Rc1 Qb6 22.
Nf5 Rc4 23.b3 Rc5 24.Bb1 Rec8 25.Rxc5 Rxc5 26.Rc1 Bc8 27.Rxc5 Qxc5 28.Ng3 
b4 29.Bd3 Ne8 30.Ne1 Nc7 31.Bc4 a5 32.Nd3 Qb6 33.Nb2 Bd7 34.Bd3 Qc5 35.Kh2
Ne7 36.Nc4 a4 1/2-1/2

[Event "38th WCh U20 Girls"]
[Site "Cala Gonone ITA"]
[Date "2022.10.22"]
[Round "11.23"]
[White "Le Thuy An"]
[Black "Dejanovic, Tereza"]
[Result "0-1"]
[WhiteElo "1728"]
[BlackElo "1943"]
[EventDate "2022.10.12"]
[PlyCount "72"]

1.e4 c5 2.Nf3 d6 3.d4 cxd4 4.Nxd4 Nf6 5.Nc3 a6 6.Bg5 e6 7.f4 Qb6 8.Nb3 Be7
9.Qf3 Nbd7 10.O-O-O Qc7 11.g4 b5 12.Bxf6 Bxf6 13.e5 Bb7 14.Ne4 Bxe4 15.
Qxe4 d5 16.Qe2 Be7 17.h4 Rc8 18.g5 Nb6 19.h5 Nc4 20.Bh3 Nxb2 21.Kb1 Na4 
22.Qd3 Nc3+ 23.Kb2 Nxd1+ 24.Rxd1 Bb4 25.a3 Bc3+ 26.Ka2 Qc4 27.Qf3 Bxe5 28.
Rd2 Qxf4 29.Qxf4 Bxf4 30.Rg2 Ke7 31.Nd4 Rc4 32.Nf3 Rc3 33.Bg4 Bd6 34.Re2 
Rhc8 35.Kb1 R8c4 36.Ne5 Bxe5 0-1

[Event "38th WCh U20 Girls"]
[Site "Cala Gonone ITA"]
[Date "2022.10.22"]
[Round "11.24"]
[White "Saravanan, Durga"]
[Black "Skaslien, Ingrid"]
[Result "1-0"]
[WhiteElo "1736"]
[BlackElo "1909"]
[EventDate "2022.10.12"]
[PlyCount "117"]

1.d4 d5 2.c4 dxc4 3.Nf3 Nf6 4.e3 a6 5.Bxc4 e6 6.O-O b5 7.Be2 Bb7 8.a4 b4 
9.b3 Nbd7 10.Bb2 Be7 11.Nbd2 c5 12.Nc4 O-O 13.a5 cxd4 14.Nxd4 Rc8 15.Bf3 
Bxf3 16.Qxf3 Bc5 17.Nc6 Qc7 18.N6e5 Nd5 19.Nxd7 Qxd7 20.Rfd1 Qa7 21.Rd3 
Qe7 22.Rad1 Rfd8 23.g3 Ba7 24.h4 h6 25.Kg2 Nc3 26.Bxc3 bxc3 27.Rxc3 Rxd1 
28.Qxd1 Qb7+ 29.Kg1 Qb4 30.Rd3 Kh7 31.Rd7 Bb8 32.Rxf7 Qc3 33.Rd7 Qf6 34.
Qd4 e5 35.Qe4+ Kh8 36.Rd2 Rf8 37.Kg2 Bc7 38.Qg4 Qc6+ 39.e4 Qc5 40.Qe2 Rf6 
41.Rd5 Qb4 42.Nxe5 Qxb3 43.Nf3 Rf7 44.Ne5 Rf6 45.Nd3 Rc6 46.Rc5 Rxc5 47.
Nxc5 Qc3 48.Nxa6 Bxa5 49.Kh2 Bb6 50.Kg2 Qe5 51.Qc2 Qd4 52.Qc8+ Kh7 53.Qf5+
g6 54.Qf7+ Kh8 55.Qf8+ Kh7 56.Qf7+ Kh8 57.Qf4 Kg7 58.Nc7 Bxc7 59.Qxc7+ 1-0

[Event "38th WCh U20 Girls"]
[Site "Cala Gonone ITA"]
[Date "2022.10.22"]
[Round "11.25"]
[White "Grozdanovic, Anastasia"]
[Black "Ortega Beltran, Ximena"]
[Result "1/2-1/2"]
[WhiteElo "1824"]
[BlackElo "1820"]
[EventDate "2022.10.12"]
[PlyCount "89"]

1.d4 Nf6 2.c4 c5 3.d5 e6 4.Nc3 exd5 5.cxd5 d6 6.e4 g6 7.f3 Bg7 8.Nge2 O-O 
9.Ng3 h5 10.Bg5 a6 11.a4 Qb6 12.Qd2 Re8 13.Be2 Nh7 14.Bf4 h4 15.Nf1 g5 16.
Be3 Nd7 17.g3 h3 18.g4 Ne5 19.Ng3 Ng6 20.Rb1 Nh4 21.Rg1 Ng2+ 22.Rxg2 hxg2 
23.Kf2 Qb4 24.Bd3 Bd4 25.Kxg2 f6 26.Nge2 Bxe3 27.Qxe3 Bd7 28.h4 Re7 29.
hxg5 fxg5 30.e5 Rxe5 31.Bxh7+ Kxh7 32.Qd3+ Kg7 33.Rh1 Rh8 34.Rxh8 Kxh8 35.
Qg6 Qxb2 36.Qf6+ Kg8 37.Qg6+ Kh8 38.Qh6+ Kg8 39.Qg6+ Kf8 40.Qxd6+ Re7 41.
Qf6+ Ke8 42.Qh8+ Kf7 43.Qh7+ Kf8 44.Qh8+ Kf7 45.Qh7+ 1/2-1/2

[Event "38th WCh U20 Girls"]
[Site "Cala Gonone ITA"]
[Date "2022.10.22"]
[Round "11.26"]
[White "Femil, Chelladurai"]
[Black "Badenhorst, Chloe"]
[Result "1-0"]
[WhiteElo "1562"]
[BlackElo "1687"]
[EventDate "2022.10.12"]
[PlyCount "79"]

1.e4 c5 2.Nf3 Nc6 3.d4 cxd4 4.Nxd4 Nf6 5.Nc3 e5 6.Ndb5 d6 7.Bg5 a6 8.Na3 
b5 9.Naxb5 axb5 10.Bxb5 Bd7 11.Bxf6 gxf6 12.Nd5 Bg7 13.a4 O-O 14.c3 Rb8 
15.b4 Ne7 16.c4 Nxd5 17.Qxd5 Be6 18.Qd3 f5 19.Rd1 fxe4 20.Qxe4 f5 21.Qc6 
Rb6 22.Qf3 e4 23.Qe3 Qc7 24.O-O Rbb8 25.Rc1 Rf6 26.Rfd1 Rh6 27.Qf4 Rd8 28.
c5 Qf7 29.Rxd6 Rxd6 30.cxd6 Rg6 31.Rc7 Qf6 32.d7 Bxd7 33.Rxd7 Qa1+ 34.Bf1 
Rf6 35.Qg5 Rf8 36.a5 f4 37.Qd5+ Kh8 38.Qxe4 f3 39.g3 Qf6 40.a6 1-0

[Event "38th WCh U20 Girls"]
[Site "Cala Gonone ITA"]
[Date "2022.10.22"]
[Round "11.27"]
[White "Muha, Magdalena"]
[Black "Singgih, Diajeng Theresa"]
[Result "0-1"]
[WhiteElo "1706"]
[BlackElo "1991"]
[EventDate "2022.10.12"]
[PlyCount "40"]

1.d4 d5 2.c4 e6 3.Nf3 Nf6 4.g3 Be7 5.Bg2 O-O 6.O-O b6 7.Qc2 Bb7 8.Nbd2 
Nbd7 9.Rd1 c5 10.cxd5 Nxd5 11.e4 Nb4 12.Qb1 cxd4 13.Nxd4 Nc5 14.N2b3 Nxb3 
15.axb3 e5 16.Be3 exd4 17.Rxd4 Qc8 18.Ra4 a5 19.Rc4 Qe6 20.f4 b5 0-1

[Event "38th WCh U20 Girls"]
[Site "Cala Gonone ITA"]
[Date "2022.10.22"]
[Round "11.28"]
[White "Oliveira, Beatriz Correia"]
[Black "Sala, Giulia"]
[Result "1-0"]
[WhiteElo "1538"]
[BlackElo "1869"]
[EventDate "2022.10.12"]
[PlyCount "83"]

1.d4 Nf6 2.c4 g6 3.Nc3 Bg7 4.e4 d6 5.Nf3 O-O 6.Be2 e5 7.O-O Nc6 8.d5 Ne7 
9.b4 Nd7 10.a4 f5 11.Ng5 Nf6 12.f3 f4 13.Ba3 h6 14.Ne6 Bxe6 15.dxe6 c6 16.
b5 Ne8 17.Rb1 Rf6 18.c5 d5 19.exd5 cxd5 20.Qb3 Nc7 21.Rfd1 Kh8 22.b6 Nxe6 
23.Nxd5 Nxd5 24.Rxd5 Qb8 25.Bd3 Nd4 26.Qc4 axb6 27.Rxb6 Rxb6 28.cxb6 Qe8 
29.a5 Nc6 30.Bb4 Bf8 31.Bxf8 Qxf8 32.Bxg6 Ne7 33.Rd6 Rxa5 34.Be4 Nf5 35.
Bxf5 Qxd6 36.Qc8+ Kg7 37.Qc7+ Qxc7 38.bxc7 Rc5 39.c8=Q Rxc8 40.Bxc8 b5 41.
Kf1 b4 42.Ke2 1-0

[Event "38th WCh U20 Girls"]
[Site "Cala Gonone ITA"]
[Date "2022.10.22"]
[Round "11.29"]
[White "Mikic, Ivana"]
[Black "Shaw, Laurie Ann"]
[Result "0-1"]
[WhiteElo "1783"]
[BlackElo "1409"]
[EventDate "2022.10.12"]
[PlyCount "116"]

1.e4 c5 2.Nf3 Nc6 3.d4 cxd4 4.Nxd4 g6 5.c4 Nf6 6.Nc3 Nxd4 7.Qxd4 Bg7 8.Be3
O-O 9.Qd2 Qa5 10.Be2 d6 11.O-O Re8 12.Rac1 Be6 13.b3 Rac8 14.Rfd1 a6 15.
Qd3 Ng4 16.Bxg4 Bxg4 17.f3 Be6 18.Bd4 Bh6 19.Rc2 Qh5 20.Ne2 Bd7 21.Be3 Bg7
22.Nf4 Qa5 23.Nd5 Rc6 24.b4 Qd8 25.a4 e6 26.b5 exd5 27.bxc6 Bxc6 28.Ra2 
dxe4 29.fxe4 Rxe4 30.Bc5 Be5 31.g3 Qg5 32.Bb6 Qg4 33.Rc1 h5 34.a5 h4 35.
Bf2 Qh3 36.Qf1 Qg4 37.h3 Qf3 38.Bb6 Qxf1+ 39.Kxf1 Bxg3 40.Re2 Rxe2 41.Kxe2
Bg2 42.Bf2 Bf4 43.Rc3 g5 44.Rb3 Kf8 45.c5 Ke7 46.cxd6+ Kxd6 47.Be3 Ke5 48.
Bxf4+ Kxf4 49.Kf2 Bc6 50.Rb4+ Be4 51.Rb6 f5 52.Rf6 g4 53.hxg4 h3 54.Kg1 
Kg3 55.Rh6 f4 56.g5 f3 57.Rxh3+ Kxh3 58.Kf2 Kg4 0-1

[Event "38th WCh U20 Girls"]
[Site "Cala Gonone ITA"]
[Date "2022.10.22"]
[Round "11.30"]
[White "Velikova, Gabriela"]
[Black "Georges, Lisa"]
[Result "0-1"]
[WhiteElo "1500"]
[BlackElo "1799"]
[EventDate "2022.10.12"]
[PlyCount "56"]

1.e4 c5 2.Nc3 Nc6 3.f4 g6 4.Bc4 Bg7 5.Nf3 e6 6.f5 Nge7 7.fxe6 fxe6 8.d3 d5
9.Bb3 b5 10.a3 c4 11.Ba2 Qb6 12.Qe2 O-O 13.Nd1 Nd4 14.Nxd4 Bxd4 15.Bh6 Rf7
16.h4 dxe4 17.dxe4 Qd6 18.Qg4 Bb7 19.c3 Bg7 20.Bxg7 Kxg7 21.h5 Rf4 22.h6+ 
Kg8 23.Qg5 Rxe4+ 24.Kf1 Rf8+ 25.Nf2 Ref4 26.Rh2 Rxf2+ 27.Kg1 Rf1+ 28.Rxf1 
Qb6+ 0-1

[Event "38th WCh U20 Girls"]
[Site "Cala Gonone ITA"]
[Date "2022.10.22"]
[Round "11.31"]
[White "Andhin, Chethanah"]
[Black "Silvera, Pilar"]
[Result "0-1"]
[WhiteElo "1493"]
[BlackElo "1470"]
[EventDate "2022.10.12"]
[PlyCount "96"]

1.d4 Nf6 2.Nf3 g6 3.Bf4 Bg7 4.e3 O-O 5.Be2 d6 6.Nbd2 Nbd7 7.O-O c5 8.c3 b6
9.Re1 Bb7 10.h3 a6 11.a3 b5 12.c4 cxd4 13.cxb5 axb5 14.exd4 Nd5 15.Bh2 Qb6
16.Nb3 Bc6 17.Bd3 b4 18.Bc4 N7f6 19.g4 Rfe8 20.Bg3 Qb7 21.Nfd2 bxa3 22.
Rxa3 Rxa3 23.bxa3 Nc3 24.Qc2 Nce4 25.Na5 Qa8 26.Nxc6 Nxd2 27.Qxd2 Qxc6 28.
Qa2 d5 29.Bb3 e6 30.f3 Nd7 31.Bxd5 Bxd4+ 32.Kg2 Qc3 33.a4 Ne5 34.Be4 Rb8 
35.Re2 Qc1 36.Bh2 Nc4 37.h4 Ne3+ 38.Kh3 Qf1+ 39.Rg2 Rb2 40.Qxb2 Bxb2 41.f4
Nxg2 42.Bxg2 Qd3+ 43.Bg3 Bd4 44.Kh2 Qc2 45.a5 Qa2 46.Be1 Bf2 47.Bc3 Bxh4 
48.Kh1 Bg3 0-1

[Event "38th WCh U20 Girls"]
[Site "Cala Gonone ITA"]
[Date "2022.10.22"]
[Round "11.32"]
[White "Gardiner, Noa Saxon"]
[Black "Middleton, Jody"]
[Result "0-1"]
[WhiteElo "1266"]
[BlackElo "1850"]
[EventDate "2022.10.12"]
[PlyCount "84"]

1.e4 e6 2.d4 d5 3.Nc3 Bb4 4.e5 c5 5.a3 Bxc3+ 6.bxc3 Ne7 7.Qg4 cxd4 8.Ne2 
Qc7 9.Qxg7 Rg8 10.Qxh7 Nbc6 11.f4 dxc3 12.Qd3 d4 13.h4 Qb6 14.Rh3 Nf5 15.
Ng3 Nxg3 16.Rxg3 Rh8 17.Rg7 Qc5 18.Rh7 Rxh7 19.Qxh7 Bd7 20.Qh8+ Qf8 21.
Qxf8+ Kxf8 22.g4 Ne7 23.a4 Nd5 24.Kf2 Kg7 25.Bg2 Nb4 26.Be4 Bc6 27.Bd3 a5 
28.h5 Rd8 29.g5 Nxd3+ 30.cxd3 Rd5 31.Ke2 b5 32.axb5 Rxb5 33.Ke1 a4 34.Ke2 
Rb2+ 35.Ke1 Rh2 36.h6+ Kg6 37.Kf1 a3 38.Kg1 Rg2+ 39.Kf1 a2 40.Ke1 Rb2 41.
Kd1 Ba4+ 42.Ke1 Bb3 0-1